000
00341nam a2200133 a 4500
005
20140412111427.0
008
090709s19uu xx 00 eng d
020
_a
0-7894-7419-0
050
_a
ER
_b
To55 2001
245
_a
Touch and feel :
_b
Playtime.
260
_a
New york :
_b
DK Publishing,
_c
2001.
300
_a
1v. unp.
999
_c
106277
_d
106277